| 000 | 00498nam a2200157 4500 | ||
|---|---|---|---|
| 001 | 136220 | ||
| 003 | ES-MaACL | ||
| 005 | 20230906195049.0 | ||
| 007 | t| | ||
| 008 | 070214s1904 fr r ||||1| fre d | ||
| 100 | 1 |
_aSabatier, Auguste. _9101186 |
|
| 245 | 1 | 0 |
_aEsquisse d'une philosophie de la religion d'apres la psychologie et l'histoire / _cAuguste Sabatier. |
| 260 |
_aAlençon : _b[s.n.], _c1904 ( _fImp. Félix Guy et Cie.) |
||
| 300 |
_aXVI, 419 p. ; _c23 cm. |
||
| 852 |
_aES-MaACL _jF-6796 |
||
| 999 |
_c136220 _d136220 |
||